[Event "Moscow op-B"]
[Site "Moscow"]
[Date "2010.02.07"]
[Round "9.91"]
[White "Sazonov, Sergey"]
[Black "Ovchinnikov, Andrey"]
[Result "1/2-1/2"]
[WhiteElo "2144"]
[BlackElo "1938"]
[PlyCount "85"]
[EventDate "2010.01.30"]
[EventType "swiss"]
[EventRounds "9"]
[EventCountry "RUS"]
[SourceTitle "EXT 2023"]
[Source "ChessBase"]
[SourceDate "2022.10.05"]
[SourceVersion "1"]
[SourceVersionDate "2022.10.05"]
[SourceQuality "1"]

1. e4 e5 2. Nf3 Nf6 3. Nc3 Nc6 4. Bc4 Nxe4 5. Bxf7+ Kxf7 6. Nxe4 d5 7. Neg5+ Ke8 8. Qe2 Bd6 9. Qd3 Ne7 10. Qc3 h6 11. Nh3 Nc6 12. Nhg1 Kf7 13. Qb3 Ne7 14. Ne2 Re8 15. d3 Kg8 16. Bd2 c6 17. Bb4 Kh8 18. Bxd6 Qxd6 19. 0-0-0 Qf6 20. Rdf1 Nf5 21. Ng3 Nd6 22. h4 Kg8 23. h5 a5 24. Qc3 e4 25. Qxf6 gxf6 26. Nh4 exd3 27. cxd3 Kf7 28. Kd2 c5 29. Rc1 b6 30. d4 c4 31. Ng6 Bd7 32. Rh4 b5 33. f3 b4 34. Nf4 Be6 35. Nxe6 Rxe6 36. Ne2 c3+ 37. bxc3 Nc4+ 38. Kd1 Ne3+ 39. Kd2 Nxg2 40. Rh2 Ne3 41. Rb1 Nc4+ 42. Kd1 Ne3+ 43. Kd2 1/2-1/2

[Event "Moscow op-B"]
[Site "Moscow"]
[Date "2009.11.20"]
[Round "1"]
[White "Ovchinnikov, Andrey"]
[Black "Rozhkov, Viacheslav"]
[Result "0-1"]
[WhiteElo "1964"]
[BlackElo "2243"]
[PlyCount "72"]
[EventDate "2009.01.31"]
[EventType "swiss"]
[EventRounds "9"]
[EventCountry "RUS"]
[SourceTitle "EXT 2012"]
[Source "ChessBase"]
[SourceDate "2011.11.24"]
[SourceVersion "1"]
[SourceVersionDate "2011.11.24"]
[SourceQuality "1"]

1. c4 e5 2. Nc3 Nf6 3. Nf3 Nc6 4. g3 Bb4 5. Bg2 d6 6. 0-0 0-0 7. d3 h6 8. Bd2 Be6 9. a3 Bxc3 10. Bxc3 Qd7 11. Re1 Ne7 12. b4 Ng6 13. Rb1 Rfe8 14. Qc2 Bh3 15. Bh1 e4 16. Bxf6 exf3 17. Bd4 fxe2 18. Rxe2 Qg4 19. Rxe8+ Rxe8 20. Be3 Ne5 21. Qd1 Qg6 22. Be4 Bf5 23. f3 Nxd3 24. Bxf5 Qxf5 25. Bf2 Ne5 26. Rb3 Nxc4 27. Rc3 d5 28. g4 Qe5 29. Bd4 Qe6 30. Kg2 a6 31. Rd3 c6 32. h4 Qe2+ 33. Qxe2 Rxe2+ 34. Kg3 Ra2 35. h5 Rxa3 36. Rd1 f6 0-1

[Event "Moscow op-B"]
[Site "Moscow"]
[Date "2009.02.07"]
[Round "8"]
[White "Ovchinnikov, Andrey"]
[Black "Smotriakov, Arkady"]
[Result "1/2-1/2"]
[WhiteElo "1964"]
[BlackElo "2101"]
[PlyCount "54"]
[EventDate "2009.01.31"]
[EventType "swiss"]
[EventRounds "9"]
[EventCountry "RUS"]
[SourceTitle "EXT 2012"]
[Source "ChessBase"]
[SourceDate "2011.11.24"]
[SourceVersion "1"]
[SourceVersionDate "2011.11.24"]
[SourceQuality "1"]

1. Nf3 c5 2. c4 Nf6 3. Nc3 d5 4. cxd5 Nxd5 5. d4 Nxc3 6. bxc3 g6 7. e4 Bg7 8. Be2 0-0 9. Rb1 Qc7 10. 0-0 Rd8 11. Be3 b6 12. Qd3 Be6 13. d5 Bg4 14. c4 e5 15. Bg5 Rd6 16. Rfe1 h6 17. Be3 Nd7 18. Nd2 Nf6 19. h3 Bxe2 20. Rxe2 Rf8 21. g3 g5 22. g4 Rd7 23. f3 Ne8 24. Nf1 Nd6 25. Ng3 Rb8 26. Nf5 Nxf5 27. gxf5 f6 1/2-1/2

[Event "Moscow op-B"]
[Site "Moscow"]
[Date "2009.02.06"]
[Round "7"]
[White "Antonov, Alexandr"]
[Black "Ovchinnikov, Andrey"]
[Result "1/2-1/2"]
[WhiteElo "2121"]
[BlackElo "1964"]
[PlyCount "92"]
[EventDate "2009.01.31"]
[EventType "swiss"]
[EventRounds "9"]
[EventCountry "RUS"]
[SourceTitle "EXT 2012"]
[Source "ChessBase"]
[SourceDate "2011.11.24"]
[SourceVersion "1"]
[SourceVersionDate "2011.11.24"]
[SourceQuality "1"]

1. e4 e5 2. Nf3 Nf6 3. Nc3 Nc6 4. Bb5 Nd4 5. Bc4 Bc5 6. d3 d6 7. Nxd4 Bxd4 8. Bg5 h6 9. Bh4 c6 10. 0-0 Qe7 11. Qd2 Be6 12. Bxe6 Qxe6 13. Nd1 0-0-0 14. c3 Bb6 15. Qc2 d5 16. exd5 Qxd5 17. Bxf6 gxf6 18. Ne3 Qxd3 19. Rad1 Qxc2 20. Nxc2 Rxd1 21. Rxd1 Rd8 22. Rxd8+ Kxd8 23. Kf1 f5 24. Ke2 Ke7 25. f3 Bg1 26. h3 Ke6 27. Kd3 Bf2 28. c4 c5 29. b3 a6 30. a3 Kd6 31. Ke2 Bg1 32. Kd3 Ke6 33. b4 cxb4 34. axb4 Kd6 35. Na3 Bf2 36. Nc2 Kc6 37. g4 fxg4 38. hxg4 Kd6 39. Ke4 Ke6 40. c5 a5 41. bxa5 Bxc5 42. Ne1 Bb4 43. Nd3 Bxa5 44. Nc5+ Kf6 45. Nxb7 Bb4 46. Nd8 Bc3 1/2-1/2

[Event "Moscow op-B"]
[Site "Moscow"]
[Date "2009.02.05"]
[Round "6"]
[White "Ovchinnikov, Andrey"]
[Black "Galyaev, Ivan"]
[Result "1-0"]
[WhiteElo "1964"]
[BlackElo "1400"]
[PlyCount "39"]
[EventDate "2009.01.31"]
[EventType "swiss"]
[EventRounds "9"]
[EventCountry "RUS"]
[SourceTitle "EXT 2012"]
[Source "ChessBase"]
[SourceDate "2011.11.24"]
[SourceVersion "1"]
[SourceVersionDate "2011.11.24"]
[SourceQuality "1"]

1. Nf3 Nf6 2. c4 c6 3. d4 d5 4. Nc3 dxc4 5. Bg5 Nd5 6. e4 Nxc3 7. bxc3 b5 8. Be2 Qa5 9. Qd2 e6 10. 0-0 Bd6 11. a4 Qc7 12. e5 Be7 13. Bxe7 Qxe7 14. Ng5 h6 15. Ne4 0-0 16. Bf3 Bb7 17. Nc5 a6 18. axb5 axb5 19. Rxa8 Bxa8 20. Ra1 1-0